Peppa Pig and the muddy puddles / [created by ... Read More
Available copies
- 1 of 1 copy available at LARL/NWRL Consortium. (Show)
- 1 of 1 copy available at Northwest Regional Library.
Current holds
0 current holds with 1 total copy.
Show Only Available Copies
| Location | Call Number / Copy Notes | Barcode | Shelving Location | Status | Due Date |
|---|---|---|---|---|---|
| Greenbush Public Library | e AST (Text) | 35500005762545 | Main | Available | - |
Record details
- ISBN: 0763665231
- ISBN: 9780763665234
- ISBN: 9780763672263
- Physical Description: 1 v. (unpaged) : col. ill. ; 25 x 30 cm.
- Edition: 1st ed.
- Publisher: Somerville, Massachusetts : Candlewick Press, 2013.
Content descriptions
| General Note: | Based on the TV series Peppa Pig created by Neville Astley and Mark Baker. |
Search for related items by subject
| Subject: | Peppa Pig (Fictitious character) > Juvenile fiction. Swine > Juvenile fiction. |
| LDR | 00945cam a2200277Ki 4500 | ||
|---|---|---|---|
| 001 | 205124 | ||
| 003 | LARL_NWRL_CONSORTIUM | ||
| 005 | 20160401204441.0 | ||
| 008 | 120906s2013 xx a 000 0 eng d | ||
| 020 | . | ‡a0763665231 | |
| 020 | . | ‡a9780763665234 | |
| 020 | . | ‡a9780763672263 ‡q(pbk.) | |
| 035 | . | ‡a(OCoLC)809315032 | |
| 099 | . | ‡aPIC | |
| 245 | 0 | 0. | ‡aPeppa Pig and the muddy puddles / ‡c[created by Neville Astley and Mark Baker]. |
| 250 | . | ‡a1st ed. | |
| 260 | . | ‡aSomerville, Massachusetts : ‡bCandlewick Press, ‡c2013. | |
| 300 | . | ‡a1 v. (unpaged) : ‡bcol. ill. ; ‡c25 x 30 cm. | |
| 500 | . | ‡aBased on the TV series Peppa Pig created by Neville Astley and Mark Baker. | |
| 600 | 0 | 0. | ‡aPeppa Pig ‡c(Fictitious character) ‡vJuvenile fiction. |
| 650 | 0. | ‡aSwine ‡vJuvenile fiction. ‡0(LARL_NWRL_CONSORTIUM)175370 | |
| 700 | 1 | . | ‡aAstley, Neville. ‡0(LARL_NWRL_CONSORTIUM)220411 |
| 700 | 1 | . | ‡aBaker, Mark, ‡d1959- ‡0(LARL_NWRL_CONSORTIUM)220412 |
| 901 | . | ‡a205124 ‡b ‡c205124 ‡tbiblio | |

Add to basket
Permalink
Disable Highlighting